000 00683nam a2200229Ia 4500
005 20241129110014.0
008 241129s9999||||xx |||||||||||||| ||und||
020 _a978-1-61429-798-7
037 _aTB
040 _aARTS
_beng
_cARTS
041 _aeng
_2eng
084 _aQ4 R3
_qARTS
100 _aBodhi Bhikkhu Au.
_9726826
245 0 _aNoble truths, noble path: the heart essence of the buddha's original teachings
_cBodhi Bhikkhu Au.
260 _aSomerville, USA
_bWisdom Publications
_c2023
300 _axvi,178p.
365 _aUSD
_b44.95
490 _aTeachings of the buddha series
650 _aBuddhism
942 _cTB
_hQ4 R3
999 _c1226960
_d1226960